Statistics for Innocent (TV) - Taylor Swift (All Lyrics)

Click here to take the quiz!

General Stats

  • This quiz has been taken 19 times
  • The average score is 270 of 318

Answer Stats

Lyrics% Correct
a
100%
an
100%
I
100%
in
100%
innocent
100%
it
100%
you
100%
you?
100%
You
100%
Your
100%
your
100%
You're
100%
alright,
94%
and
94%
And
94%
are
94%
be
94%
been
94%
is
94%
It's
94%
me,
94%
of
94%
see
94%
still
94%
to
94%
where
94%
Who
94%
you've
94%
bright
88%
did
88%
Did
88%
just
88%
lights
88%
not
88%
now
88%
oh
88%
Oh,
88%
string
88%
the
88%
up
88%
up,
88%
wait
88%
what
88%
all
81%
balance
81%
days?
81%
growing
81%
Lost
81%
okay,
81%
on
81%
then
81%
tightrope,
81%
tightrope
81%
Time
81%
time
81%
again
75%
Always
75%
believed
75%
bigger
75%
can't
75%
easier
75%
embers
75%
Every
75%
everybody
75%
everything
75%
guess
75%
have
75%
into
75%
know
75%
lunchbox
75%
new
75%
night,
75%
out
75%
really
75%
Septembers
75%
some
75%
speak
75%
things
75%
Thirty-two
75%
this
75%
tough
75%
Wasn't
75%
When
75%
when
75%
You'll
75%
at
69%
back
69%
beautiful
69%
bed
69%
brand
69%
But
69%
caught
69%
crawl
69%
down
69%
flames
69%
get
69%
has
69%
If
69%
late
69%
life
69%
like
69%
live
69%
messed
69%
mind
69%
never
69%
one
69%
only
69%
path
69%
reach
69%
remember
69%
too,
69%
too
69%
tryin'
69%
us
69%
war
69%
yourself
69%
Before
63%
brought
63%
catching
63%
change
63%
crowd
63%
firefly
63%
had
63%
hope
63%
turns
63%
weather
63%
asleep
56%
fell
56%
floor
56%
Left
56%
Minds
56%
monsters
56%
ooh
56%
running
56%
seen
56%
shattered
56%
'til
56%
Today
56%
wouldn't
56%
Someone
50%
wild
50%
been
38%

Score Distribution

Percentile by Number Answered

Percent of People with Each Score

Your Score History

You have not taken this quiz